Statistics for All Top Flight English Football Teams Ever

Click here to take the quiz!

General Stats

  • This quiz has been taken 1,269 times
  • The average score is 49 of 65

Answer Stats

Answer% Correct
Arsenal
98%
Liverpool
98%
Manchester City
98%
Manchester United
98%
Chelsea
96%
Newcastle United
95%
Tottenham Hotspur
95%
Aston Villa
93%
Everton
93%
Southampton
93%
West Ham United
93%
Leeds United
92%
Leicester City
92%
Nottingham Forest
92%
Wolverhampton Wanderers
91%
Brighton & Hove Albion
90%
Norwich City
90%
Swansea City
89%
Birmingham City
88%
Cardiff City
88%
Fulham
87%
Crystal Palace
86%
Sheffield United
86%
Sunderland
86%
Sheffield Wednesday
85%
Portsmouth
84%
Blackburn Rovers
83%
Bournemouth
83%
Derby County
83%
Hull City
83%
Burnley
82%
Queens Park Rangers
82%
West Bromwich Albion
82%
Ipswich Town
81%
Blackpool
80%
Brentford
80%
Watford
80%
Bolton Wanderers
78%
Middlesbrough
78%
Bristol City
77%
Stoke City
77%
Wimbledon
75%
Huddersfield Town
73%
Reading
72%
Wigan Athletic
72%
Bradford City
71%
Coventry City
71%
Oxford United
70%
Preston North End
70%
Barnsley
68%
Luton Town
68%
Charlton Athletic
67%
Oldham Athletic
64%
Swindon Town
60%
Millwall
59%
Notts County
54%
Accrington
53%
Northampton Town
46%
Carlisle United
44%
Bury
43%
Grimsby Town
36%
Leyton Orient
36%
Bradford Park Avenue
15%
Darwen
11%
Glossop North End
11%

Score Distribution

Percentile by Number Answered

Percent of People with Each Score

Your Score History

You have not taken this quiz